000 00821cam a22002297a 4500
001 85840
003 ItRI
005 20260429113452.0
008 260429q19992016it |||||| ||||| |ita|c
040 _bita
_aM-RABA
_cM-RABA
_dM-RABA
041 7 _aita
_2ISO-639-2
245 0 3 _aIl museo di Blanda
_c/ coordinamento scientifico: Soprintendenza per i beni archeologici della Calabria.
260 _a[Reggio Calabria]
_b: Soprintendenza per i beni archeologici della Calabria
_c, [1999]
300 _a25p.
_b: il.
_c; 20 x 20 cm
500 _aEn cred.: Regione Calabria - Comunità Europea - Comune di Tortora - Ministero per i beni e le attività culturali
546 _aTexto en italiano
655 4 _aFolletos
_961837
852 _jF-16112
942 _cFONDOMODER
_n0
981 1 _6z01
_ai
_bxxxe
982 1 _6z01
_an
999 _c85840
_d85840